000 00685cab a2200217 4500
001 ABS49074
008 090401t1993 xxu||||| |||| 00| 0 eng d
035 _a(Sirsi) u69794
041 _aeng
100 _aWeller, J.
245 _aAgricultural buildings
260 _c1993
350 _a0
490 _aArchitects` Journal
_v198(3) 21 July 1993, 41(1)
520 _aA `Technical briefing` on up-to-date sources of information on the design and management of agricultural buildings, including litigation, grant schemes and contacts for advice.
650 _aFARM BUILDINGS
650 _aINFORMATION SOURCES
690 _aRURAL PRACTICE
942 _n0
948 _c04/03/1997
999 _c43875
_d43875